Профилактика и лечение острых респираторных инфекций у детей (Запись № 13660255)

Подробности
000 -МАРКЕР
контрольное поле 02499nam0a2200373 4500
001 - ИДЕНТИФИКАТОР ЗАПИСИ
контрольное поле RU\NLR\BIBL_A\022273344
005 - ИДЕНТИФИКАТОР ВЕРСИИ
контрольное поле 20260420011838.0
010 ## - МЕЖДУНАРОДНЫЙ СТАНДАРТНЫЙ НОМЕР КНИГИ (ISBN)
Номер (ISBN) 978-5-907770-31-7
Тираж 300
021 ## - НОМЕР ГОСУДАРСТВЕННОЙ РЕГИСТРАЦИИ
Код страны Российская Федерация
Номер КН-П-24-029584
Номер Листа государственной регистраци КН-П-24-3007
035 ## - ДРУГИЕ СИСТЕМНЫЕ НОМЕРА
Идентификатор записи (NLR Aleph) 022273344
100 ## - ДАННЫЕ ОБЩЕЙ ОБРАБОТКИ
Данные общей обработки 20240708d2023 u y0rusy50 ca
101 0# - ЯЗЫК РЕСУРСА
Язык текста, звукозаписи и т.д. русский
102 ## - СТРАНА ПУБЛИКАЦИИ ИЛИ ПРОИЗВОДСТВА
Страна публикации Российская Федерация
105 ## - ПОЛЕ КОДИРОВАННЫХ ДАННЫХ: ТЕКСТОВЫЕ МАТЕРИАЛЫ, МОНОГРАФИЧЕСКИЕ
Кодированные данные о монографическом текстовом документе y j 000yy
181 #0 - ПОЛЕ КОДИРОВАННЫХ ДАННЫХ: ВИД СОДЕРЖАНИЯ
Код вида содержания (ISBD) i4
Код характеристики содержания (ISBD) axxe
182 #0 - ПОЛЕ КОДИРОВАННЫХ ДАННЫХ: ТИП СРЕДСТВА
Код типа средства (ISBD) n - непосредственное
200 1# - ЗАГЛАВИЕ И СВЕДЕНИЯ ОБ ОТВЕТСТВЕННОСТИ
Основное заглавие Профилактика и лечение острых респираторных инфекций у детей
Сведения, относящиеся к заглавию учебное пособие
-- для врачей-педиатров, терапевтов, клинических фармакологов и врачей других специальностей
Первые сведения об ответственности М. Л. Максимов, С. В. Николаева, Е. В. Каннер [и др.]
Последующие сведения об ответственности редактор - доктор медицинских наук, профессор М. Л. максисов
-- ФГБОУ ДПО РМАНПО Минздрава России, Казанская государственная медицинская академия - филиал ФГБОУ ДПО РМАНПО Минздрава России [и др.]
203 ## - ВИД СОДЕРЖАНИЯ И ТИП СРЕДСТВА
Вид содержания Текст
Дополнительные сведения об издании визуальный
Тип средства непосредственный
210 ## - ПУБЛИКАЦИЯ, РАСПРОСТРАНЕНИЕ И ДР.
Место издания, распространения и т.д. Казань
Имя издателя, распространителя и т. д. МеДДоК
Дата издания, распространения и т.д. 2023
215 ## - ФИЗИЧЕСКАЯ ХАРАКТЕРИСТИКА
Специфическое обозначение материала и объем 67 с.
Размеры 21
300 ## - ОБЩИЕ ПРИМЕЧАНИЯ
Текст примечания На с. 67 авт.: Максимов М. Л. - д-р мед. наук, проф., Николаева С. В. - д-р мед. наук, Каннер Е. В. - д-р мед. наук [и др.]
320 ## - ПРИМЕЧАНИЯ О НАЛИЧИИ В ДОКУМЕНТЕ БИБЛИОГРАФИИ / УКАЗАТЕЛЯ
Текст примечания Библиогр.: с. 63-66 (34 назв.)
606 1# - НАИМЕНОВАНИЕ ТЕМЫ КАК ПРЕДМЕТ
Наименование темы Респираторные вирусные болезни детей
Формальный подзаголовок Учебные издания
Системный номер авторитетной/нормативной записи 2320330
Идентификатор авторитетной/нормативной записи RU\NLR\AUTH\661388170
606 1# - НАИМЕНОВАНИЕ ТЕМЫ КАК ПРЕДМЕТ
Наименование темы Респираторные болезни детей
Формальный подзаголовок Учебные издания
Системный номер авторитетной/нормативной записи 2168849
Идентификатор авторитетной/нормативной записи RU\NLR\AUTH\661304783
686 1# - ИНДЕКСЫ ДРУГИХ КЛАССИФИКАЦИЙ
Индекс Р733.514.31я7
686 1# - ИНДЕКСЫ ДРУГИХ КЛАССИФИКАЦИЙ
Индекс Р733.412я7
701 #1 - ИМЯ ЛИЦА - АЛЬТЕРНАТИВНАЯ ОТВЕТСТВЕННОСТЬ
Графика поля Кириллица
Материалы, к которым относится поле rus
Начальный элемент ввода Максимов
Часть имени, кроме начального элемента ввода М. Л.
Дополнения к именам, кроме дат д-р мед. наук
Даты 1977-
Расширение инициалов личного имени Максим Леонидович
Системный номер авторитетной/нормативной записи 108216
Идентификатор авторитетной/нормативной записи RU\NLR\AUTH\77125291
701 #1 - ИМЯ ЛИЦА - АЛЬТЕРНАТИВНАЯ ОТВЕТСТВЕННОСТЬ
Начальный элемент ввода Николаева
Часть имени, кроме начального элемента ввода С. В.
Дополнения к именам, кроме дат д-р мед. наук, эпидемиология
Расширение инициалов личного имени Светлана Викторовна
Системный номер авторитетной/нормативной записи 258955
Идентификатор авторитетной/нормативной записи RU\NLR\AUTH\770259011
701 #1 - ИМЯ ЛИЦА - АЛЬТЕРНАТИВНАЯ ОТВЕТСТВЕННОСТЬ
Начальный элемент ввода Каннер
Часть имени, кроме начального элемента ввода Е. В.
Расширение инициалов личного имени Екатерина Валерьевна
942 ## - ДОПОЛНИТЕЛЬНЫЕ ЭЛЕМЕНТЫ ЗАПИСИ (АБИС)
Тип экземпляра АБИС Книга
980 ## - КОЛЛЕКЦИЯ
Название коллекции Национальная библиография

Нет доступных экземпляров.